[Event "HSG Open 2019 A"]
[Site "Hilversum"]
[Date "2019.06.23"]
[Round "6.11"]
[White "Roebers, Jan"]
[Black "Lanchava, Tea"]
[Result "0-1"]
[BlackElo "2314"]
[WhiteElo "2097"]
[LiveChessVersion "1.4.8"]

1. e4 {[%clk 1:46:14]} c6 {[%clk 1:49:59]} 2. d4 {[%clk 1:45:19]} g6
{[%clk 1:50:02]} 3. h3 {[%clk 1:43:35]} Bg7 {[%clk 1:49:57]} 4. Nf3
{[%clk 1:43:40]} d6 {[%clk 1:49:50]} 5. Be2 {[%clk 1:41:12]} Nf6 {[%clk 1:49:07]}
6. Nc3 {[%clk 1:40:09]} O-O {[%clk 1:49:08]} 7. O-O {[%clk 1:37:38]} Nbd7
{[%clk 1:47:48]} 8. e5 {[%clk 1:30:46]} Ne8 {[%clk 1:47:36]} 9. Bg5
{[%clk 1:27:42]} f6 {[%clk 1:41:38]} 10. exf6 {[%clk 1:26:13]} exf6
{[%clk 1:41:21]} 11. Be3 {[%clk 1:22:05]} d5 {[%clk 1:34:56]} 12. Qd2
{[%clk 1:16:25]} g5 {[%clk 1:33:44]} 13. Nh2 {[%clk 1:07:19]} Nd6
{[%clk 1:32:08]} 14. f4 {[%clk 1:04:27]} h6 {[%clk 1:25:26]} 15. fxg5
{[%clk 0:58:13]} hxg5 {[%clk 1:25:15]} 16. b3 {[%clk 0:41:22]} Nf7
{[%clk 1:23:51]} 17. Bd3 {[%clk 0:37:51]} Re8 {[%clk 1:21:52]} 18. Bg6
{[%clk 0:34:24]} Re7 {[%clk 1:21:25]} 19. Ng4 {[%clk 0:32:05]} Nh6
{[%clk 1:16:44]} 20. Nxh6+ {[%clk 0:25:56]} Bxh6 {[%clk 1:16:45]} 21. h4
{[%clk 0:23:04]} Rg7 {[%clk 1:16:39]} 22. Bd3 {[%clk 0:20:42]} Qc7
{[%clk 1:13:35]} 23. Qe2 {[%clk 0:14:38]} Qg3 {[%clk 1:07:41]} 24. Rf3
{[%clk 0:13:59]} Qd6 {[%clk 1:07:31]} 25. Rf2 {[%clk 0:13:02]} f5
{[%clk 1:00:34]} 26. hxg5 {[%clk 0:08:55]} Bxg5 {[%clk 0:59:41]} 27. Rxf5
{[%clk 0:08:44]} Bf6 {[%clk 0:57:15]} 28. Raf1 {[%clk 0:08:16]} b5
{[%clk 0:55:11]} 29. Bh6 {[%clk 0:06:55]} Bxd4+ {[%clk 0:55:15]} 30. Kh1
{[%clk 0:05:11]} Qxh6+ {[%clk 0:52:58]} 31. Rh5 {[%clk 0:05:20]} Qe3
{[%clk 0:52:53]} 32. Rh8+ {[%clk 0:01:16]} Kxh8 {[%clk 0:50:35]} 33. Qh5+
{[%clk 0:01:25]} Kg8 {[%clk 0:50:32]} 34. Nxd5 {[%clk 0:01:33]} Qe5 0-1

[Event "HSG Open 2019 A"]
[Site "Hilversum"]
[Date "2019.06.23"]
[Round "6.12"]
[White "De Ruiter, Danny"]
[Black "Boogaard, Sander"]
[Result "1-0"]
[BlackElo "2095"]
[WhiteElo "2309"]
[LiveChessVersion "1.4.8"]

1. Nf3 {[%clk 1:42:34]} Nf6 {[%clk 1:41:32]} 2. c4 {[%clk 1:42:34]} g6
{[%clk 1:41:37]} 3. Nc3 {[%clk 1:42:38]} Bg7 {[%clk 1:41:43]} 4. d4
{[%clk 1:42:43]} O-O {[%clk 1:41:48]} 5. e4 {[%clk 1:42:50]} d6 {[%clk 1:41:55]}
6. Be2 {[%clk 1:42:55]} e5 {[%clk 1:42:01]} 7. O-O {[%clk 1:42:59]} Nc6
{[%clk 1:42:09]} 8. d5 {[%clk 1:43:03]} Ne7 {[%clk 1:42:13]} 9. b4
{[%clk 1:43:09]} Nh5 {[%clk 1:42:18]} 10. Re1 {[%clk 1:43:03]} f5
{[%clk 1:42:21]} 11. Ng5 {[%clk 1:43:06]} Nf6 {[%clk 1:42:25]} 12. f3
{[%clk 1:43:10]} h6 {[%clk 1:41:38]} 13. Ne6 {[%clk 1:43:09]} Bxe6
{[%clk 1:41:43]} 14. dxe6 {[%clk 1:43:14]} c6 {[%clk 1:41:49]} 15. Be3
{[%clk 1:42:03]} Kh7 {[%clk 1:40:55]} 16. Qd2 {[%clk 1:40:41]} Qc7
{[%clk 1:30:59]} 17. Red1 {[%clk 1:31:16]} Rfd8 {[%clk 1:30:15]} 18. b5
{[%clk 1:28:06]} Qc8 {[%clk 1:21:34]} 19. bxc6 {[%clk 1:26:13]} bxc6
{[%clk 1:21:15]} 20. Rab1 {[%clk 1:26:10]} Rb8 {[%clk 1:07:36]} 21. Bxa7
{[%clk 1:18:15]} Rxb1 {[%clk 1:07:41]} 22. Rxb1 {[%clk 1:18:16]} Qxe6
{[%clk 1:07:18]} 23. Rb7 {[%clk 1:16:56]} Rd7 {[%clk 1:01:18]} 24. Rxd7
{[%clk 1:16:19]} Qxd7 {[%clk 0:56:49]} 25. Bf2 {[%clk 1:15:32]} h5
{[%clk 0:55:59]} 26. a4 {[%clk 1:14:02]} Bh6 {[%clk 0:55:32]} 27. Qd1
{[%clk 1:13:58]} c5 {[%clk 0:47:52]} 28. Nb5 {[%clk 1:08:42]} fxe4
{[%clk 0:45:55]} 29. Qxd6 {[%clk 1:08:40]} e3 {[%clk 0:45:27]} 30. Bg3
{[%clk 1:06:18]} Qxd6 {[%clk 0:45:34]} 31. Nxd6 {[%clk 1:06:22]} Nc6
{[%clk 0:45:41]} 32. Be1 {[%clk 1:03:27]} Nd7 {[%clk 0:42:26]} 33. Bd3
{[%clk 1:01:59]} Bf8 {[%clk 0:32:00]} 34. Nc8 {[%clk 0:59:50]} Nb4
{[%clk 0:19:32]} 35. Be4 {[%clk 0:59:32]} Na6 {[%clk 0:19:41]} 36. Kf1
{[%clk 0:57:40]} Kg7 {[%clk 0:19:17]} 37. Ke2 {[%clk 0:56:45]} Kf7
{[%clk 0:19:24]} 38. a5 {[%clk 0:55:53]} g5 {[%clk 0:19:04]} 39. Kxe3
{[%clk 0:55:11]} Nc7 {[%clk 0:18:50]} 40. Nb6 {[%clk 0:52:41]} Nb8
{[%clk 0:17:59]} 41. Bb7 {[%clk 0:52:43]} Ke6 {[%clk 0:16:45]} 42. Ke4
{[%clk 0:51:11]} 1-0